000 00881nmc a2200313 a 4500
003 AR-BaBNM
005 20251128210238.0
008 099019s1990 ||||||||||||||000 | spa||
020 _a950-9016-68-3
040 _cAR-BaBNM
100 1 _aPertusio, Roberto L.
245 1 0 _aUna marina de guerra
_b¿para hacer qué?
250 _a2ª ed.
260 _aBuenos Aires
_bCentro Naval
_c1990
300 0 _a255 p.
_bláms., il., mapas
490 0 _aCiencia y técnica
_vv. 18
500 0 _aApéndice de Malvinas p. 235-252
504 _aBibliografía para consultar p. 253-255
650 4 _aHISTORIA MILITAR
650 4 _aHISTORIA NAVAL
650 4 _aHISTORIA DE LA ARMADA
650 4 _aCAMPANAS NAVALES
650 4 _aHISTORIA POLITICA ARGENTINA
650 4 _aARMADA
650 4 _aGUERRA DE MALVINAS
651 4 _aIslas Malvinas
942 _cBK
998 _cMariana
999 _c14637
_d14637